00423nam a2200157Ia 4500008004000000082001600040100004300056245004600099260004200145300000800187650001200195650002300207650001000230650001500240650001000255210210b1974 xxu||||| |||| 00| 0 eng d a796.06 SPOR aSPORTSWALA (G A) and BRIGHT (Jagat S). aRules and principles of games and sports. aDelhibA Universal Publication.c1974 a272 asports. aSports games rules aRules aprinciples agames